Tiny Rails stations in North America - Statistics

General Stats
  • This quiz has been taken 6 times
  • The average score is 66 of 99
Answers on the Map
Answers color-coded by a green-red scale on the quiz's map according to % correct below.
 
Answer Stats
Region State/Province Station % Correct
USA East New York New York
100%
USA East New York Albany
80%
USA West New Mexico Albuquerque
80%
USA South Texas Austin
80%
USA East Maryland Baltimore
80%
USA South Louisiana Baton Rouge
80%
USA Center Montana Billings
80%
USA Center North Dakota Bismarck
80%
USA West Idaho Boise
80%
USA East Massachusetts Boston
80%
Canada West Alberta Calgary
80%
USA East West Virginia Charleston
80%
USA Center Wyoming Cheyenne
80%
USA Center Illinois Chicago
80%
USA East Ohio Columbus
80%
USA South Texas Dallas
80%
USA West Colorado Denver
80%
USA Center Iowa Des Moines
80%
USA East Michigan Detroit
80%
USA East Delaware Dover
80%
Canada West Alberta Edmonton
80%
USA West Texas El Paso
80%
USA East Pennsylvania Harrisburg
80%
USA East Connecticut Hartford
80%
USA Center Montana Helena
80%
USA South Texas Houston
80%
USA West Nevada Las Vegas
80%
USA Center Nebraska Lincoln
80%
Canada East Ontario London
80%
USA West California Los Angeles
80%
USA Center Wisconsin Madison
80%
USA South Florida Miami
80%
USA East Vermont Montpelier
80%
Canada East Quebec Montreal
80%
USA South Louisiana New Orleans
80%
USA South Oklahoma Oklahoma City
80%
USA West Washington Olympia
80%
Canada East Ontario Ottawa
80%
USA East Pennsylvania Philadelphia
80%
USA West Arizona Phoenix
80%
USA East Pennsylvania Pittsburgh
80%
USA West Oregon Portland
80%
USA East North Carolina Raleigh
80%
Canada Center Saskatchewan Regina
80%
USA East Virginia Richmond
80%
USA West California Sacramento
80%
USA Center Minnesota Saint Paul
80%
USA West Utah Salt Lake City
80%
USA West California San Francisco
80%
USA West New Mexico Santa Fe
80%
Canada Center Saskatchewan Saskatoon
80%
USA West Washington Seattle
80%
USA Center Illinois Springfield
80%
Canada East Newfoundland and Labrador St. John's
80%
USA Center Missouri St. Louis
80%
USA South Kansas Topeka
80%
Canada East Ontario Toronto
80%
USA West Arizona Tucson
80%
Canada West British Columbia Vancouver
80%
USA East District of Columbia Washington
80%
Canada West Yukon Whitehorse
80%
Canada Center Manitoba Winnipeg
80%
Canada West Northwest Territories Yellowknife
80%
USA South Georgia Atlanta
60%
USA East Maine Augusta
60%
USA East New Hampshire Concord
60%
Canada East Nova Scotia Halifax
60%
USA Center Indiana Indianapolis
60%
USA South Mississippi Jackson
60%
Canada West British Columbia Kamloops
60%
USA South Arkansas Little Rock
60%
USA South Tennessee Memphis
60%
USA South Alabama Montgomery
60%
USA South Tennessee Nashville
60%
USA Center South Dakota Pierre
60%
USA East Rhode Island Providence
60%
USA South Florida Tallahassee
60%
USA East Ohio Toledo
60%
USA East New Jersey Trenton
60%
Canada West Alberta Banff
40%
Canada East Prince Edward Island Charlottetown
40%
USA South South Carolina Columbia
40%
USA South Texas Fort Stockton
40%
USA South Kentucky Frankfort
40%
Canada East New Brunswick Fredericton
40%
USA South Missouri Jefferson City
40%
Canada East Ontario Kingston
40%
USA Center South Dakota Rapid City
40%
Canada Center Manitoba The Pas
40%
Canada East New Brunswick Edmundston
20%
Canada West Alberta Fort McMurray
20%
Canada West Northwest Territories Fort Simpson
20%
USA Center Illinois Galesburg
20%
Canada West British Columbia Hazelton
20%
Canada West British Columbia Iskut
20%
USA West Washington Kennewick
20%
Canada East Quebec Sherbrooke
20%
Canada West Alberta Wood Buffalo
20%
Canada Center Saskatchewan Yorkton
20%
No matching quizzes found
Score Distribution
Percent of People with Each Score
Percentile by Number Answered
Your Score History
You have not taken this quiz